<?xml version="1.0" encoding="UTF-8"?>
<record
    xmlns:xsi="http://www.w3.org/2001/XMLSchema-instance"
    xsi:schemaLocation="http://www.loc.gov/MARC21/slim http://www.loc.gov/standards/marcxml/schema/MARC21slim.xsd"
    xmlns="http://www.loc.gov/MARC21/slim">

  <leader>02095    a2200181   4500</leader>
  <controlfield tag="001">54281</controlfield>
  <controlfield tag="005">20260407155814.0</controlfield>
  <controlfield tag="008">260407a1950    arg                 spa d</controlfield>
  <controlfield tag="003">AR-UNSa-BCEJYS</controlfield>
  <datafield tag="040" ind1=" " ind2=" ">
    <subfield code="a">AR-UNSa-BCEJYS</subfield>
    <subfield code="b">spa</subfield>
    <subfield code="c">AR-UNSa-BCEJYS</subfield>
  </datafield>
  <datafield tag="080" ind1=" " ind2=" ">
    <subfield code="a">336.741.2</subfield>
    <subfield code="x">Naturaleza de la moneda. Teor&#xED;a general del dinero</subfield>
  </datafield>
  <datafield tag="245" ind1="1" ind2="0">
    <subfield code="a">El dinero, la renta y la pol&#xED;tica monetaria</subfield>
  </datafield>
  <datafield tag="264" ind1=" " ind2="1">
    <subfield code="a">Barcelona :</subfield>
    <subfield code="b">Bosch</subfield>
    <subfield code="c">1950</subfield>
  </datafield>
  <datafield tag="505" ind1=" " ind2=" ">
    <subfield code="a">1. Visi&#xF3;n previa: el dinero en el sistema econ&#xF3;mico &#x2013; 2. La oferta de dinero &#x2013; 3. Cambios en la oferta monetaria &#x2013; 4. Las cuentas de capital y la estructura social del sistema bancario &#x2013; 5. Regulaci&#xF3;n p&#xFA;blica y solvencia bancaria &#x2013; 6. Los activos rentables de los bancos comerciales: coeficientes de pr&#xE9;stamos &#x2013; 7. Los activos rentables de los bancos comerciales: variaci&#xF3;n de los coeficientes de pr&#xE9;stamos y monetario &#x2013; 8. Los activos rentables de los bancos comerciales: coeficiente de respuesta &#x2013; 9. Los activos rentables de los bancos comerciales: control de los coeficientes de respuesta &#x2013; 10. Las reservas de los bancos comerciales &#x2013; 11. El tesoro y la oferta de dinero &#x2013; 12. Los valores, los mercados de valores y las cotizaciones &#x2013; 13. La determinaci&#xF3;n de los tipos de inter&#xE9;s y de la cotizaci&#xF3;n de los valores I &#x2013; 14. La determinaci&#xF3;n de los tipos de inter&#xE9;s y de la cotizaci&#xF3;n de los valores II &#x2013; 15. La corriente de gastos monetarios. La renta nacional monetaria &#x2013; 16. La inestabilidad monetaria &#x2013; 17. Fines de la pol&#xED;tica monetaria &#x2013; 18. Pol&#xED;ticas monetarias en los Estados Unidos: 1914-40 &#x2013; 19. Pol&#xED;ticas monetarias en los Estados Unidos: 1914-49 &#x2013; 20. La renta nacional y el comercio internacional &#x2013; 21. Los tipos de cambio y los mercados &#x2013; 22. La regulaci&#xF3;n de los cambios exteriores &#x2013; 23. Episodios de las relaciones monetarias internacionales antes de la segunda guerra mundial &#x2013; 24. Las relaciones monetarias internacionales desde 1940 &#x2013; 25. La perspectiva de la pol&#xED;tica monetaria </subfield>
  </datafield>
  <datafield tag="942" ind1=" " ind2=" ">
    <subfield code="c">BK</subfield>
  </datafield>
  <datafield tag="590" ind1=" " ind2=" ">
    <subfield code="a">niveau_biblio:m niveau_hierar:0</subfield>
  </datafield>
  <datafield tag="100" ind1="1" ind2=" ">
    <subfield code="a">Shaw, Edward S.</subfield>
  </datafield>
  <datafield tag="999" ind1=" " ind2=" ">
    <subfield code="c">5450</subfield>
    <subfield code="d">5450</subfield>
  </datafield>
  <datafield tag="952" ind1=" " ind2=" ">
    <subfield code="0">0</subfield>
    <subfield code="1">0</subfield>
    <subfield code="4">0</subfield>
    <subfield code="7">0</subfield>
    <subfield code="a">BCEJYS</subfield>
    <subfield code="b">BCEJYS</subfield>
    <subfield code="c">16</subfield>
    <subfield code="d">2026-04-07</subfield>
    <subfield code="l">0</subfield>
    <subfield code="o">336.741.2 S534</subfield>
    <subfield code="p">L20808</subfield>
    <subfield code="r">2026-04-07 15:58:14</subfield>
    <subfield code="w">2026-04-07</subfield>
    <subfield code="y">L</subfield>
  </datafield>
</record>
